书目信息 |
| 题名: |
作家文摘
|
|
| 作者: | 《作家文摘》编 | |
| 分册: | Ⅱ 历史真相 | |
| 出版信息: | 北京 现代出版社 2013.09 |
|
| 页数: | 212页 | |
| 开本: | 24cm | |
| 丛书名: | ||
| 单 册: | ||
| 中图分类: | I2-55 , D6 | |
| 科图分类: | ||
| 主题词: | 作家--文摘--中国 , 政治事件--中国--现代--史料 , 作家 , 文摘 , 政治事件 | |
| 电子资源: | ||
| ISBN: | 978-7-5143-1678-0 | |
| 000 | 00844nam0 2200289 450 | |
| 001 | 010050029977 | |
| 005 | 20140611145405.23 | |
| 010 | @a978-7-5143-1678-0@dCNY25.00 | |
| 100 | @a20130829d2013 em y0chiy0110 ea | |
| 101 | 0 | @achi |
| 102 | @aCN@b110000 | |
| 105 | @ay z 000yy | |
| 106 | @ar | |
| 200 | 1 | @a作家文摘@9zuo jia wen zhai@hⅡ@i历史真相@e20周年珍藏本@f《作家文摘》编 |
| 210 | @a北京@c现代出版社@d2013.09 | |
| 215 | @a212页@d24cm | |
| 330 | @a本书为《作家文摘》20年来解密历史真相方面最重要、最精彩的作品,包括“事件”“谜案”和“真相”三部分。 | |
| 333 | @a一般读者 | |
| 606 | 0 | @a作家@x文摘@y中国 |
| 606 | 0 | @a政治事件@y中国@z现代@x史料 |
| 606 | 0 | @a作家 |
| 606 | 0 | @a文摘 |
| 606 | 0 | @a政治事件 |
| 690 | @aI2-55@v5 | |
| 690 | @aD6@v5 | |
| 801 | 0 | @aCN@b人天书店@c20130829 |
| 905 | @b845795-97@dI2-55@e152:2@f3 | |
| 作家文摘.Ⅱ.历史真相:20周年珍藏本/《作家文摘》编.-北京:现代出版社,2013.09 |
| 212页;24cm |
| 使用对象:一般读者 |
| ISBN 978-7-5143-1678-0:CNY25.00 |
| 本书为《作家文摘》20年来解密历史真相方面最重要、最精彩的作品,包括“事件”“谜案”和“真相”三部分。 |
| ● |
| 相关链接 |
|
|
|
|
正题名:作家文摘
索取号:I2-55/152:2
 
预约/预借
| 序号 | 登录号 | 条形码 | 馆藏地/架位号 | 状态 | 备注 |
| 1 | 845795 | 208457953 | 第一样本阅览室/ [索取号:I2-55/152:2] | 在馆 | |
| 2 | 845796 | 208457962 | 第二借阅区/ [索取号:I2-55/152:2] | 在馆 | |
| 3 | 845797 | 208457971 | 第二借阅区/ [索取号:I2-55/152:2] | 在馆 |